Tốt lắm - Trường ca tháng Mười

Bewaard in:
Bibliografische gegevens
Hoofdauteur: Vladimir Mayakovsky
Formaat: Boek
Taal:Undetermined
Gepubliceerd in: Hà Nội Văn Học 1967
Onderwerpen:
Tags: Voeg label toe
Geen labels, Wees de eerste die dit record labelt!
Thư viện lưu trữ: Trung tâm Học liệu Trường Đại học Cần Thơ
LEADER 00534nam a2200181Ia 4500
001 CTU_16046
008 210402s9999 xx 000 0 und d
082 |a 891.71 
082 |b M217 
100 |a Vladimir Mayakovsky 
245 0 |a Tốt lắm - 
245 0 |b Trường ca tháng Mười 
245 0 |c Vladimir Mayakovsky, Hoàng Ngọc Hiến 
260 |a Hà Nội 
260 |b Văn Học 
260 |c 1967 
650 |a russian poetry ( vietnamese ) 
980 |a Trung tâm Học liệu Trường Đại học Cần Thơ